000 00771nam a2200217Ia 4500
001 3343
003 GE_BSU
008 181216s||||||||xx |||||||||||||| ||und||
040 _cGE_BSU
080 _a517.0(075.8)
100 _aБермант,А.Ф.
245 _aКраткий курс математического анализа для втузов.
245 _cПри редакционном участии И.Г.Арамановича; Ред.Н.А.Угарова.
250 _aИздание третье, стереотипное.
260 _aМ.
260 _bНаука.
260 _c1965.
300 _a664стр.илл.21см.
653 _aКраткий курс математического анализа для втузов.
942 _cBK
999 _c37384
_d37384